| 000 | 00389pam a2200157a 44500 | ||
|---|---|---|---|
| 008 | 230515b2010 xxu||||| |||| 00| 0 eng d | ||
| 020 | _a978-81-906079-8-8 | ||
| 041 | _aENGLISH | ||
| 082 | _a618.82 | ||
| 100 | _aKANWAR K. KAUL | ||
| 245 | _aESSENTIALS OF PEDIATRIC NURSING | ||
| 250 | _a1 | ||
| 260 |
_a _bTHOMSON DELMAR LEARNING , INDIA. _c2010 |
||
| 300 | _a270.0 | ||
| 650 | _aNULL | ||
| 999 |
_c504035 _d504035 |
||